Movies Quiz

Random Movies or Actor Quiz

Actors Kill Actors II Quiz Stats

 Plays Quiz Updated Oct 16, 2014

Also try: Actors Kill Actors
Challenge
Share
Tweet
Embed
Score 0/25 Timer 07:00
0 Plays Today
Killer Movie % Correct
Russell CroweGladiator
87.6%
Nicolas CageFace/Off
78.4%
Daniel CraigSkyfall
71.9%
Mark WahlbergThe Departed
71.7%
Keanu ReevesSpeed
66.6%
Dolph LundgrenRocky IV
65.3%
Kevin SpaceyThe Usual Suspects
64.1%
Martin SheenApocalypse Now
60.1%
Anthony PerkinsPsycho
59.6%
Daniel Day-LewisThere Will Be Blood
59.1%
Jodie FosterThe Silence of the Lambs
59.1%
Christoph WaltzDjango Unchained
57.9%
Jesse EisenbergZombieland
56.8%
Killer Movie % Correct
Christian BaleAmerican Psycho
51.1%
Sean PennMystic River
50.6%
Robert EnglundA Nightmare on Elm Street
50.4%
Jean RenoLeon
48.4%
Brad PittTroy
47%
Sylvester StalloneDemolition Man
46.4%
Peter StormareFargo
44.9%
Kevin CostnerRobin Hood: Prince of Thieves
41.6%
Al PacinoInsomnia
36.8%
Angelina JolieSalt
35.4%
Bradley CooperThe Place Beyond the Pines
21.1%
Charles BronsonOnce Upon a Time in the West
12.9%

You're not logged in!

Compare scores with friends on all Sporcle quizzes.
OR
Log In

You Might Also Like...

Show Comments

Extras

Top Quizzes Today


Score Distribution

Your Account Isn't Verified!

In order to create a playlist on Sporcle, you need to verify the email address you used during registration. Go to your Sporcle Settings to finish the process.

Report this User

Report this user for behavior that violates our Community Guidelines.

Details: